| 000 | 00619nam a2200229 a 4500 | ||
|---|---|---|---|
| 001 | nice12345678 | ||
| 003 | IN_TiNIC | ||
| 005 | 20260116014746.0 | ||
| 008 | 070828s2003 dela grp 000 0 eng | ||
| 020 |
_a _c320 |
||
| 082 | 0 | 0 |
_a302.2 _bNOR |
| 100 | _aNorton, Michael | ||
| 245 |
_aGetting Started in Communication _b A Practical Guide for Activists and Organisations |
||
| 260 |
_aDelhi _bSage Publication _c2003 |
||
| 300 | _a175p | ||
| 500 | _aincludes index and biblioraphy | ||
| 650 | _aNgos-Public Relations-India | ||
| 700 | 1 | _aNorton, Michael | |
| 902 | _bSRS | ||
| 942 | _cBK | ||
| 999 |
_c16811 _d16811 |
||